| 000 | 00656nam a2200205Ia 4500 | ||
|---|---|---|---|
| 008 | 131103s9999 xx 000 0 und d | ||
| 020 |
_a812032885X _cRs.195.00 |
||
| 040 | _aLoreto College | ||
| 041 | _aEnglish | ||
| 082 |
_a005.131/NIS _bLCLIB/48882 |
||
| 100 | _aNisan,Noam | ||
| 245 | 4 |
_aThe elements of computing systems _b Building a modern computer from first principles _cNoam Nisan and Shimon Schocken |
|
| 260 |
_aNew Delhi _bPrentice-Hall of India _c2005 |
||
| 300 |
_axiv,325p _c 18cm |
||
| 504 | _aIncludes appendices and index | ||
| 650 | _aComputer science-Mathematics | ||
| 700 | _aSchocken,Shimon | ||
| 850 | _aLCLIB | ||
| 942 | _cBK | ||
| 999 |
_c37499 _d87978 |
||